书目信息 |
| 题名: |
铝制化工设备
|
|
| 作者: | 江立人 编 ;化工设备设计全书编辑委员会 编 | |
| 分册: | ||
| 出版信息: | 北京 化学工业出版社工业装备与信息工程出版中心 2002.8 |
|
| 页数: | 304页 | |
| 开本: | 26cm | |
| 丛书名: | 化工设备设计全书 | |
| 单 册: | ||
| 中图分类: | TQ050.4 | |
| 科图分类: | ||
| 主题词: | 铝--lu^--应用--化工设备 , 化工设备--hua gong she bei | |
| 电子资源: | ||
| ISBN: | 7-5025-3827-5 | |
| 000 | 01046oam2 2200265 450 | |
| 001 | 012005000000 | |
| 005 | 20061113111747.42 | |
| 010 | @a7-5025-3827-5@dCNY45.00 | |
| 100 | @a20060102d2002 em y0chiy0121 ea | |
| 101 | 0 | @achi |
| 102 | @aCN@b110000 | |
| 105 | @aak zl 000yy | |
| 200 | 1 | @a铝制化工设备@Alu^ zhi hua gong she bei@f江立人等编@g《化工设备设计全书》编辑委员会[编] |
| 210 | @a北京@c化学工业出版社工业装备与信息工程出版中心@d2002.8 | |
| 215 | @a304页@c图@d26cm | |
| 225 | 2 | @a化工设备设计全书@Ahua gong she bei she ji quan shu |
| 330 | @a本书主要介绍铝制化工设备的常用铝材、设计计算、结构分析、制造检验, 以及其零部件和设备使用情况, 介绍了近期修订的国家标准, 对部分国外标准也作了介绍。 | |
| 410 | 0 | @12001 @a化工设备设计全书 |
| 606 | 0 | @a铝@Alu^@x应用@x化工设备 |
| 606 | 0 | @a化工设备@Ahua gong she bei |
| 690 | @aTQ050.4@v4 | |
| 701 | 0 | @a江立人@Ajiang li ren@4编 |
| 712 | 02 | @a化工设备设计全书编辑委员会@Ahua gong she bei she ji quan shu bian ji wei yuan hui@4编 |
| 801 | 0 | @aCN@c20061113 |
| 905 | @a10447@dTQ050.4@eJ367 | |
| 铝制化工设备/江立人等编/《化工设备设计全书》编辑委员会[编].-北京:化学工业出版社工业装备与信息工程出版中心,2002.8 |
| 304页:图;26cm.-(化工设备设计全书) |
| ISBN 7-5025-3827-5:CNY45.00 |
| 本书主要介绍铝制化工设备的常用铝材、设计计算、结构分析、制造检验, 以及其零部件和设备使用情况, 介绍了近期修订的国家标准, 对部分国外标准也作了介绍。 |
| ● |
| 相关链接 |
|
|
|
正题名:铝制化工设备
索取号:TQ050.4/J367
 
预约/预借
| 序号 | 登录号 | 条形码 | 馆藏地/架位号 | 状态 | 备注 |
| 1 | 638627 | 206386276 | 自科库501/501自科库 138排4列3层/ [索取号:TQ050.4/J367] | 在馆 | |
| 2 | 638628 | 206386285 | 期刊室512/501自科库 138排4列3层/ [索取号:TQ050.4/J367] | 在馆 | |
| 3 | 638629 | 206386294 | 自科库501/501自科库 138排4列3层/ [索取号:TQ050.4/J367] | 在馆 |